Normal view MARC view
  • Dunlop, John Kinninmont

Entry Personal Name

Number of records used in: 1

001 - CONTROL NUMBER

  • control field: 49322

003 - CONTROL NUMBER IDENTIFIER

  • control field: NUST

005 - DATE AND TIME OF LATEST TRANSACTION

  • control field: 20210314134312.0

008 - FIXED-LENGTH DATA ELEMENTS

  • fixed length control field: 210314|| aca||aabn | a|a d

040 ## - CATALOGING SOURCE

  • Original cataloging agency: NUST
  • Transcribing agency: NUST

100 ## - HEADING--PERSONAL NAME

  • Personal name: Dunlop, John Kinninmont

670 ## - SOURCE DATA FOUND

  • Source citation: Work cat.: (NUST): Dunlop, John Kinninmont,, The development of the British Army, 1899-1914,, [1938]
© 2023 Central Library, National University of Sciences and Technology. All Rights Reserved.